000 00626nam a2200253Ia 4500
005 20260121155407.0
008 008 260114s9999 xx 000 0 eng d
020 _a9780203730201
037 _aEBOOK
040 _aCRL
040 _beng
040 _cCRL
041 _2eng
041 _aeng
084 _qCRL
100 _a Maggie B. Gale
_91018963
245 2 _aA Social History of British Performance Cultures 1900-1939
260 _bTaylor and Francis
260 _c2020
856 _uhttp://www.taylorfrancis.com/books/9780203730201
942 _cEBOOK
999 _c1585782
_d1585782